000 01025cam a22002653a 4500
001 31974
003 PGUSA
005 20140828083707.0
008 100413s2010||||xxu|||||s|||||000 | eng d
040 _aPGUSA
_beng
042 _adc
050 4 _aE456
100 1 _aRandol, Alanson M.,
_d1837-1887
245 1 0 _aLast Days of the Rebellion :
_bThe Second New York Cavalry (Harris' Light) at Appomattox Station and Appomattox Court House, April 8 and 9, 1865
_h[electronic resource] /
_cAlanson M. Randol
260 _bProject Gutenberg,
_c2010
506 _aPublic domain in the USA.
516 _aElectronic text
653 _aAppomattox Campaign, 1865
653 _aUnited States. Army. New York Cavalry Regiment, 2nd (1861-1865)
653 _aNew York (State) -- History -- Civil War, 1861-1865 -- Regimental histories
653 _aUnited States -- History -- Civil War, 1861-1865 -- Regimental histories
830 0 _aProject Gutenberg
_v31974
856 4 0 _uhttp://www.gutenberg.org/ebooks/31974
942 _cEB
999 _c261229
_d261229